000 00384cam a22001097a 4500
008 180718b1958 xxu||||| |||| 00| 0 eng d
082 _aR23x5422 M264t
245 _aReport of the minimum wages advisory committee
_cby Minimum Wages Advisory Committee
260 _aIndore
_bGovernment of Madhya Pradesh
_c1958
300 _a40p
700 _aMadhya Pradesh. Minimum Wages Advisory Committee
999 _c495951
_d495951